| 000 | 00601nam a22001817a 4500 | ||
|---|---|---|---|
| 999 |
_c193784 _d193784 |
||
| 005 | 20230317145552.0 | ||
| 010 | _aENG-135696 | ||
| 020 |
_a9789390100934 _c200.00 |
||
| 035 | _aEN-119228 | ||
| 037 | _bDBAD/PUB | ||
| 082 | _a920 | ||
| 100 | _aRaeen, Safiur Rahman | ||
| 245 |
_aManazir ashiq harganvi: _bGreat literary personality/ _cBy Safiur Rahman Raeen |
||
| 260 |
_aDarya Ganj _bEducational publishing house _c2020 |
||
| 270 |
_aD1/16, Ansari road, Daryaganj _bNew Delhi _e110002 _k011-46578285 _minfo@ephbooks.com |
||
| 300 |
_a112p. _c22cm(pbk) |
||
| 942 |
_2ddc _cEN _mRAE _h920 |
||